Countries of The World - Statistics

General Stats
  • This quiz has been taken 416 times
  • The average score is 130 of 196
Answers on the Map
Answers color-coded by a green-red scale on the quiz's map according to % correct below.
 
Answer Stats
Country % Correct
United States
97%
Canada
95%
Mexico
93%
Brazil
91%
France
91%
Argentina
90%
Russia
90%
United Kingdom
90%
Denmark
89%
Australia
88%
Portugal
88%
China
87%
Germany
87%
India
87%
Japan
87%
Spain
87%
Chile
86%
Ireland
86%
Italy
86%
North Korea
86%
Peru
86%
South Korea
86%
Finland
85%
Poland
85%
Sweden
85%
Egypt
84%
Norway
84%
Iceland
83%
Panama
83%
South Africa
83%
Ukraine
83%
Greece
82%
Iran
82%
Mongolia
82%
Turkey
82%
Belgium
81%
Switzerland
81%
Cuba
80%
Austria
79%
Colombia
79%
Iraq
79%
Morocco
79%
Niger
79%
Uruguay
79%
Venezuela
79%
Vietnam
79%
New Zealand
78%
Indonesia
77%
Netherlands
77%
Saudi Arabia
77%
Thailand
77%
Bolivia
76%
Democratic Republic of the Congo
76%
Israel
76%
Pakistan
76%
Philippines
76%
Romania
76%
Sudan
76%
Afghanistan
75%
Albania
75%
Haiti
75%
Kazakhstan
75%
Madagascar
75%
Croatia
74%
Nigeria
74%
Algeria
73%
Chad
73%
Estonia
73%
Latvia
73%
Libya
73%
Oman
73%
Paraguay
73%
Republic of the Congo
73%
Yemen
73%
Slovakia
72%
Belarus
71%
Hungary
71%
Lithuania
71%
United Arab Emirates
71%
Cambodia
70%
Nepal
70%
South Sudan
70%
Czech Republic
69%
Dominican Republic
69%
Ecuador
69%
Honduras
69%
Jamaica
69%
Somalia
69%
Bosnia and Herzegovina
68%
Bulgaria
68%
Costa Rica
68%
Dominica
68%
Kenya
68%
Laos
68%
Papua New Guinea
68%
Slovenia
68%
Sri Lanka
68%
Taiwan
68%
Zimbabwe
67%
Bangladesh
66%
El Salvador
66%
Jordan
66%
Syria
66%
Vatican City
66%
Georgia
65%
Ghana
65%
Guatemala
65%
Luxembourg
65%
Qatar
65%
Suriname
65%
Andorra
64%
Bahamas
64%
Bhutan
64%
Ethiopia
64%
Malaysia
64%
Serbia
64%
Uzbekistan
64%
Fiji
63%
Guinea
63%
Guyana
63%
Mali
62%
Malta
62%
Tunisia
62%
Turkmenistan
62%
Armenia
61%
Lebanon
61%
Liechtenstein
61%
Myanmar
61%
North Macedonia
61%
Togo
61%
Angola
60%
Cyprus
60%
Central African Republic
60%
Kosovo
60%
Moldova
60%
Nicaragua
60%
Azerbaijan
59%
Belize
59%
Zambia
59%
Liberia
58%
Tajikistan
58%
Uganda
57%
Botswana
56%
Ivory Coast
56%
Senegal
55%
Cameroon
54%
Kuwait
54%
Kyrgyzstan
54%
Mauritania
54%
Monaco
54%
Montenegro
54%
Singapore
54%
Tanzania
54%
Benin
53%
Barbados
52%
San Marino
52%
Antigua and Barbuda
51%
Bahrain
51%
Djibouti
51%
Eritrea
51%
Gambia
51%
Maldives
51%
Mozambique
51%
Namibia
51%
Rwanda
51%
Federated States of Micronesia
50%
Lesotho
50%
Eswatini
49%
Seychelles
49%
Trinidad and Tobago
49%
Saint Kitts and Nevis
47%
Saint Lucia
47%
Mauritius
46%
Solomon Islands
46%
Burkina Faso
45%
Burundi
45%
Cape Verde
45%
Equatorial Guinea
45%
Gabon
45%
Guinea-Bissau
45%
Tonga
45%
Malawi
44%
Brunei
43%
East Timor
42%
Marshall Islands
42%
Palau
42%
Saint Vincent and the Grenadines
42%
Grenada
41%
Sierra Leone
41%
Samoa
40%
Comoros
38%
Vanuatu
38%
Tuvalu
37%
Kiribati
36%
Nauru
34%
São Tomé and Príncipe
32%
No matching quizzes found
Score Distribution
Percent of People with Each Score
Percentile by Number Answered
Your Score History
You have not taken this quiz